|
|
|
|
| LEADER |
01977nam a2200433 i 4500 |
| 001 |
EBC1584585 |
| 003 |
MiAaPQ |
| 005 |
20200520144314.0 |
| 006 |
m o d | |
| 007 |
cr cnu|||||||| |
| 008 |
121016s2013 enkad ob 001 0 eng|d |
| 020 |
|
|
|z 9780857094230 (print)
|
| 020 |
|
|
|z 0857094238 (print)
|
| 020 |
|
|
|a 9780857096500
|q (electronic bk.)
|
| 035 |
|
|
|a (MiAaPQ)EBC1584585
|
| 035 |
|
|
|a (Au-PeEL)EBL1584585
|
| 035 |
|
|
|a (CaPaEBR)ebr10767151
|
| 035 |
|
|
|a (CaONFJC)MIL785075
|
| 035 |
|
|
|a (OCoLC)867317966
|
| 040 |
|
|
|a MiAaPQ
|b eng
|e rda
|e pn
|c MiAaPQ
|d MiAaPQ
|
| 050 |
|
4 |
|a TS227.2
|b .A38 2013
|
| 082 |
0 |
|
|a 671.5/6
|2 23
|
| 245 |
0 |
0 |
|a Advances in brazing :
|b science, technology and applications /
|c edited by Dusan P. Sekulic.
|
| 264 |
|
1 |
|a Cambridge, UK ;
|a Philadelphia, PA :
|b Woodhead Publishing,
|c 2013.
|
| 300 |
|
|
|a 1 online resource (624 pages) :
|b illustrations (some color)
|
| 336 |
|
|
|a text
|2 rdacontent
|
| 337 |
|
|
|a computer
|2 rdamedia
|
| 338 |
|
|
|a online resource
|2 rdacarrier
|
| 504 |
|
|
|a Includes bibliographical references and index.
|
| 505 |
0 |
|
|a part I. Fundamentals of brazing -- part II. Materials used in brazing -- part III. Applications of brazing and brazed materials.
|
| 588 |
|
|
|a Description based on print version record.
|
| 590 |
|
|
|a Electronic reproduction. Ann Arbor, MI : ProQuest, 2015. Available via World Wide Web. Access may be limited to ProQuest affiliated libraries.
|
| 650 |
|
0 |
|a Brazing
|x Technological innovations.
|
| 650 |
|
0 |
|a Welding
|x Technological innovations.
|
| 655 |
|
4 |
|a Electronic books.
|
| 700 |
1 |
|
|a Sekulic, Dusan P.
|
| 776 |
0 |
8 |
|i Print version:
|t Advances in brazing : science, technology and applications.
|d Cambridge, UK : Woodhead Publishing, 2013
|h xx, 600 pages, 4 unnumbered pages of plates ; 24 cm
|z 9780857094230
|w (OCoLC)ocn793225389
|w (DLC) 2012951830
|
| 797 |
2 |
|
|a ProQuest (Firm)
|
| 856 |
4 |
0 |
|u https://ebookcentral.proquest.com/lib/matrademy/detail.action?docID=1584585
|z Click to View
|